The Self-winding circle: (Record no. 123781)
[ view plain ]
| 000 -LEADER | |
|---|---|
| fixed length control field | 00459nam a22001337a 4500 |
| 008 - FIXED-LENGTH DATA ELEMENTS--GENERAL INFORMATION | |
| fixed length control field | 151112b xxu||||| |||| 00| 0 eng d |
| 050 ## - LIBRARY OF CONGRESS CALL NUMBER | |
| Classification number | B2948.A28 1982 |
| 100 ## - MAIN ENTRY--PERSONAL NAME | |
| Personal name | Aboulafia, Mitchell |
| 9 (RLIN) | 21073 |
| 245 ## - TITLE STATEMENT | |
| Title | The Self-winding circle: |
| Remainder of title | a study of Hegel's system |
| Statement of responsibility, etc | /by Mitchell Aboulafia |
| 260 ## - PUBLICATION, DISTRIBUTION, ETC. (IMPRINT) | |
| Place of publication, distribution, etc | St. Louis, Missouri |
| Name of publisher, distributor, etc | Warren H. Green |
| Date of publication, distribution, etc | 1982 |
| 300 ## - PHYSICAL DESCRIPTION | |
| Extent | xv,107 p. ; |
| Dimensions | 24cm. |
| 650 ## - SUBJECT ADDED ENTRY--TOPICAL TERM | |
| Topical term or geographic name as entry element | Hegel, George Wilhelm Friedrick |
| 9 (RLIN) | 21074 |
| 942 ## - ADDED ENTRY ELEMENTS (KOHA) | |
| Source of classification or shelving scheme | Library of Congress Classification |
| Item type | Monograph ( Printed materials) |
| Withdrawn status | Lost status | Source of classification or shelving scheme | Damaged status | Not for loan | Collection code | Home library | Current library | Shelving location | Date acquired | Total Checkouts | Full call number | Barcode | Date last seen | Price effective from | Koha item type |
|---|---|---|---|---|---|---|---|---|---|---|---|---|---|---|---|
| Library of Congress Classification | Main Collection | ARRUPE LIBRARY | ARRUPE LIBRARY | Main Collection | 12/11/2015 | B2948.A28 1982 | 46500005593 | 12/11/2015 | 12/11/2015 | Monograph ( Printed materials) |